000 00743nam a2200205Ia 4500
003 GCL
008 140319s9999 xx 000 0 ara d
040 _aGCL /
_cGCL
082 0 4 _a001.6424
_bع ب
100 1 _aعبداللطيف ابوالسعود
245 1 0 _aبرامج للكمبيوتر بلغة البيزك (BASIC) /
_cعبداللطيف ابوالسعود
260 _a[S.N] :
_bالهيئة المصرية العامة للكتاب ،
_c1989
300 _a87 ص
490 _aالعلم والحياة
_v0
650 0 4 _aالحاسبات الالكترونية
650 0 4 _aالبيسك
650 0 4 _aلغة الالة والتجميع
650 0 4 _aالحاسبات الالكترونية - برامج
942 _2ddc
_cBK
999 _c29719
_d29719